Engineering economy : A behavioral approach

Αποθηκεύτηκε σε:
Λεπτομέρειες βιβλιογραφικής εγγραφής
Κύριος συγγραφέας: Tarquin, Anthony J.
Μορφή: Βιβλίο
Γλώσσα:Undetermined
Έκδοση: New York McGraw-Hill Book Company 1976
Θέματα:
Ετικέτες: Προσθήκη ετικέτας
Δεν υπάρχουν, Καταχωρήστε ετικέτα πρώτοι!
Thư viện lưu trữ: Trung tâm Học liệu Trường Đại học Cần Thơ
LEADER 00497nam a2200181Ia 4500
001 CTU_79136
008 210402s9999 xx 000 0 und d
082 |a 658.1 
082 |b T191 
100 |a Tarquin, Anthony J. 
245 0 |a Engineering economy : 
245 2 |b A behavioral approach 
245 0 |c Anthony J. Tarquin 
260 |a New York 
260 |b McGraw-Hill Book Company 
260 |c 1976 
650 |a Engineering economy 
980 |a Trung tâm Học liệu Trường Đại học Cần Thơ